Sports Quiz

Random Sports or NBA Quiz

NBA All Star Game Festivities 2000's Quiz Stats

 Plays Quiz not verified by Sporcle

Score 0/172 Timer 15:00
0 Plays Today
Competition Player % Correct
Skills Challenge 2002-2003Tony Parker
97.4%
Skills Challenge 2008-2009Tony Parker
97.4%
Skills Challenge 2011-2012Tony Parker
97.4%
Skills Challenge 2004-2005Steve Nash
97.1%
Skills Challenge 2005-2006Steve Nash
97.1%
Skills Challenge 2009-2010Steve Nash
97.1%
Three Point Shootout 2001-2002Steve Nash
97.1%
Three Point Shootout 2007-2008Steve Nash
97.1%
Three Point Shootout 2000-2001Steve Nash
97%
Skills Challenge 2005-2006Dwyane Wade
96.6%
Skills Challenge 2005-2006Chris Paul
96.6%
Skills Challenge 2006-2007Dwyane Wade
96.6%
Skills Challenge 2006-2007Chris Paul
96.6%
Skills Challenge 2007-2008Dwyane Wade
96.6%
Skills Challenge 2007-2008Chris Paul
96.6%
Skills Challenge 2010-2011Chris Paul
96.6%
Skills Challenge 2002-2003Jason Kidd
96.2%
Skills Challenge 2007-2008Jason Kidd
96.2%
Skills Challenge 2005-2006LeBron James
96.1%
Skills Challenge 2006-2007LeBron James
96.1%
Skills Challenge 2007-2008Deron Williams
95.8%
Skills Challenge 2009-2010Deron Williams
95.8%
Skills Challenge 2011-2012Deron Williams
95.8%
Dunk Contest 2011-2012Derrick Williams
95.8%
Three Point Shootout 2004-2005Ray Allen
95.3%
Three Point Shootout 2005-2006Ray Allen
95.3%
Three Point Shootout 2010-2011Ray Allen
95.3%
Three Point Shootout 2000-2001Ray Allen
95.2%
Three Point Shootout 2001-2002Ray Allen
95.2%
Skills Challenge 2008-2009Derrick Rose
94.9%
Skills Challenge 2009-2010Derrick Rose
94.9%
Skills Challenge 2010-2011Derrick Rose
94.9%
Skills Challenge 2010-2011John Wall
94.6%
Skills Challenge 2010-2011Russell Westbrook
94.6%
Skills Challenge 2011-2012John Wall
94.6%
Skills Challenge 2011-2012Russell Westbrook
94.6%
Skills Challenge 2010-2011Stephen Curry
94.5%
Skills Challenge 2011-2012Stephen Curry
94.5%
Three Point Shootout 2009-2010Stephen Curry
94.4%
Skills Challenge 2006-2007Kobe Bryant
93.3%
Dunk Contest 2006-2007Dwight Howard
89.8%
Dunk Contest 2007-2008Dwight Howard
89.8%
Dunk Contest 2008-2009Dwight Howard
89.8%
Skills Challenge 2004-2005Gilbert Arenas
89%
Three Point Shootout 2005-2006Gilbert Arenas
89%
Three Point Shootout 2006-2007Gilbert Arenas
89%
Skills Challenge 2011-2012Rajon Rondo
88.5%
Skills Challenge 2011-2012Kyrie Irving
88.3%
Skills Challenge 2008-2009Jameer Nelson
87.7%
Three Point Shootout 2001-2002Paul Pierce
87.7%
Three Point Shootout 2009-2010Paul Pierce
87.7%
Three Point Shootout 2010-2011Paul Pierce
87.5%
Skills Challenge 2002-2003Gary Payton
87.4%
Dunk Contest 2010-2011Blake Griffin
87.4%
Dunk Contest 2005-2006Nate Robinson
86.5%
Dunk Contest 2006-2007Nate Robinson
86.5%
Dunk Contest 2008-2009Nate Robinson
86.5%
Dunk Contest 2009-2010Nate Robinson
86.5%
Competition Player % Correct
Three Point Shootout 2000-2001Dirk Nowitzki
84.9%
Three Point Shootout 2005-2006Dirk Nowitzki
84.9%
Three Point Shootout 2007-2008Dirk Nowitzki
84.9%
Three Point Shootout 2006-2007Dirk Nowitzki
84.8%
Three Point Shootout 2000-2001Peja Stojakovic
84.4%
Three Point Shootout 2001-2002Peja Stojakovic
84.4%
Three Point Shootout 2003-2004Peja Stojakovic
84.4%
Three Point Shootout 2002-2003Peja Stojakovic
84.3%
Three Point Shootout 2007-2008Peja Stojakovic
84.3%
Three Point Shootout 2001-2002Steve Smith
83.2%
Dunk Contest 2004-2005Josh Smith
83.2%
Dunk Contest 2005-2006Josh Smith
83.2%
Skills Challenge 2009-2010Brandon Jennings
83.1%
Dunk Contest 2004-2005J.R. Smith
83.1%
Dunk Contest 2008-2009J.R. Smith
83.1%
Three Point Shootout 2001-2002Mike Miller
82.8%
Three Point Shootout 2006-2007Mike Miller
82.8%
Three Point Shootout 2003-2004Chauncey Billups
82.3%
Three Point Shootout 2005-2006Chauncey Billups
82.3%
Three Point Shootout 2009-2010Chauncey Billups
82.2%
Three Point Shootout 2001-2002Quentin Richardson
81.4%
Three Point Shootout 2004-2005Quentin Richardson
81.4%
Dunk Contest 2001-2002Jason Richardson
81.4%
Dunk Contest 2002-2003Jason Richardson
81.4%
Three Point Shootout 2005-2006Quentin Richardson
81.3%
Dunk Contest 2003-2004Jason Richardson
81.3%
Three Point Shootout 2011-2012Kevin Durant
80.9%
Skills Challenge 2003-2004Derek Fisher
80.6%
Three Point Shootout 2010-2011Kevin Durant
80.3%
Skills Challenge 2003-2004Baron Davis
80.1%
Dunk Contest 2003-2004Ricky Davis
80.1%
Three Point Shootout 2006-2007Damon Jones
79.9%
Three Point Shootout 2010-2011James Jones
79.9%
Three Point Shootout 2011-2012James Jones
79.9%
Dunk Contest 2000-2001Baron Davis
79.9%
Dunk Contest 2003-2004Fred Jones
79.9%
Skills Challenge 2008-2009Devin Harris
78.1%
Three Point Shootout 2000-2001Rashard Lewis
78%
Three Point Shootout 2003-2004Rashard Lewis
78%
Three Point Shootout 2008-2009Rashard Lewis
78%
Skills Challenge 2002-2003Stephon Marbury
77.2%
Skills Challenge 2003-2004Stephon Marbury
77.2%
Three Point Shootout 2004-2005Joe Johnson
75.8%
Three Point Shootout 2011-2012Joe Johnson
73.5%
Dunk Contest 2006-2007Gerald Green
72.6%
Dunk Contest 2007-2008Gerald Green
72.5%
Dunk Contest 2009-2010DeMar DeRozan
71.6%
Dunk Contest 2010-2011DeMar DeRozan
71.6%
Dunk Contest 2011-2012Paul George
70.9%
Dunk Contest 2010-2011Serge Ibaka
70.4%
Dunk Contest 2001-2002Gerald Wallace
67.8%
Dunk Contest 2002-2003Amare Stoudemire
67.6%
Dunk Contest 2004-2005Amare Stoudemire
67.6%
Dunk Contest 2009-2010Gerald Wallace
67.6%
Dunk Contest 2010-2011Javale McGee
66.7%
Three Point Shootout 2006-2007Jason Kapono
65.8%
Three Point Shootout 2007-2008Jason Kapono
65.8%
Three Point Shootout 2008-2009Jason Kapono
65.8%
Competition Player % Correct
Dunk Contest 2005-2006Andre Iguodala
65.4%
Three Point Shootout 2011-2012Ryan Anderson
64.5%
Dunk Contest 2007-2008Rudy Gay
62.9%
Three Point Shootout 2011-2012Kevin Love
62.1%
Three Point Shootout 2000-2001Allan Houston
59.2%
Dunk Contest 2001-2002Steve Francis
59.1%
Dunk Contest 2009-2010Shannon Brown
57.4%
Three Point Shootout 2002-2003Antoine Walker
56.5%
Three Point Shootout 2007-2008Richard Hamilton
56.4%
Three Point Shootout 2003-2004Kyle Korver
56%
Three Point Shootout 2011-2012Mario Chalmers
56%
Three Point Shootout 2004-2005Kyle Korver
55.8%
Dunk Contest 2011-2012Jeremy Evans
52.4%
Dunk Contest 2002-2003Richard Jefferson
52.3%
Three Point Shootout 2005-2006Jason Terry
52.2%
Three Point Shootout 2006-2007Jason Terry
52.2%
Three Point Shootout 2008-2009Danny Granger
51%
Three Point Shootout 2007-2008Daniel Gibson
47.7%
Three Point Shootout 2010-2011Daniel Gibson
47.7%
Three Point Shootout 2008-2009Mike Bibby
47.6%
Dunk Contest 2011-2012Chase Budinger
46.4%
Three Point Shootout 2008-2009Roger Mason
46%
Dunk Contest 2001-2002Desmond Mason
46%
Dunk Contest 2002-2003Desmond Mason
46%
Dunk Contest 2000-2001Desmond Mason
45.9%
Skills Challenge 2004-2005Luke Ridnour
43.5%
Dunk Contest 2006-2007Tyrus Thomas
37.5%
Three Point Shootout 2011-2012Anthony Morrow
35.8%
Dunk Contest 2003-2004Chris Andersen
35.5%
Dunk Contest 2004-2005Chris Andersen
35.5%
Three Point Shootout 2010-2011Dorell Wright
34.2%
Three Point Shootout 2009-2010Channing Frye
32.2%
Three Point Shootout 2008-2009Daequan Cook
31.5%
Three Point Shootout 2009-2010Daequan Cook
31.5%
Dunk Contest 2011-2012Iman Shumpert
31.2%
Three Point Shootout 2003-2004Voshon Lenard
29.1%
Three Point Shootout 2004-2005Voshon Lenard
29.1%
Dunk Contest 2000-2001Corey Maggette
27.5%
Three Point Shootout 2002-2003Brent Barry
27.1%
Dunk Contest 2008-2009Rudy Fernandez
27%
Three Point Shootout 2003-2004Cuttino Mobley
26.7%
Three Point Shootout 2009-2010Danilo Gallinari
23.5%
Dunk Contest 2000-2001Stromile Swift
23.3%
Three Point Shootout 2002-2003David Wesley
22.7%
Dunk Contest 2007-2008Jamario Moon
17.2%
Skills Challenge 2003-2004Earl Boykins
14.5%
Skills Challenge 2004-2005Earl Boykins
14.5%
Dunk Contest 2000-2001DeShawn Stevenson
12.1%
Three Point Shootout 2000-2001Pat Garrity
11.9%
Three Point Shootout 2002-2003Pat Garrity
11.8%
Dunk Contest 2000-2001Jonathan Bender
11.7%
Three Point Shootout 2000-2001Byron Russell
11.5%
Dunk Contest 2005-2006Hakim Warrick
10.7%
Three Point Shootout 2004-2005Vladimir Radmanovic
9.3%
Three Point Shootout 2001-2002Wesley Person
8.1%
Three Point Shootout 2002-2003Wesley Person
8.1%

You're not logged in!

Compare scores with friends on all Sporcle quizzes.
OR
Log In

Show Comments

Extras

Top Quizzes Today


Score Distribution

Your Account Isn't Verified!

In order to create a playlist on Sporcle, you need to verify the email address you used during registration. Go to your Sporcle Settings to finish the process.

Report this User

Report this user for behavior that violates our Community Guidelines.

Details: